00896nam a2200145Ia 4500008004100000020001800041100009900059245016500158260002700323650001200350650024500362856004200607999001900649952008200668171212s9999 xx 000 0 und d a9780833073402 aDavis, Lynn E.;Pettyjohn, Stacie L.;Sisson, Melanie W.;Worman, Stephen M.;McNerney, Michael J. cDavis, Lynn E.;Pettyjohn, Stacie L.;Sisson, Melanie W.;Worman, Stephen M.;McNerney, Michael J.aU.S. Overseas Military PresencebWhat Are the Strategic Choices? bRAND Corporationc2012 aHistory aUnited States -- Armed Forces -- Foreign countries; Military bases, American -- Foreign countries; United States -- Defenses -- Planning; National security -- United States -- Planning; United States -- Military policy -- Planning; Strategy uwww.jstor.org/stable/10.7249/mg1211af c352769d352769 001040aCLbCLd2017-12-12l0oUA26.A2r2017-12-12 00:00:00w2017-12-12yCBE